Yeni anayasa yuvarlak masa toplantıları dizisi: yeni anayasanın beş (Record no. 10538)

MARC details
000 -BAŞLIK
Sabit Uzunlukta Kontrol Alanı 00789na a2200241 4500
001 - KONTROL NUMARASI
Denetim Alanı 23973
003 - KONTROL NUMARASI IDENTIFIER
Denetim Alanı MIRAKIL
005 - SON İŞLEM TARİHİ VE ZAMANI
Denetim Alanı 20181213155325.0
008 - SABİT-BOY VERİ ELEMANLARI - GENEL BİLGİLER
Sabit Uzunlukta Kontrol Alanı 180205b tu 000 0
020 ## - ULUSLARARASI STANDART KİTAP NUMARASI
Uluslararası Standart Kitap Numarası 9789944405690
040 ## - KATALOGLAMA KAYNAK
Orijinal Kataloglama Ajansı Milas
Kataloglama Dili tur
Metne Dönüştürmek Ajansı TR-AnCHP
041 ## - DİL KODU
Metin / Ses Parça Veya Ayrı Başlığın Dil Kodu tur
082 ## - DEWEY ONLU SINIFLANDIRMA NUMARASI
Sınıflandırma Numarası 342.02
Ürün Numarası Y35 2011
090 ## - SINIFLAMA NUMARASI
Sınıflama Numarası 342.02 Y35 2011
245 ## - BAŞLIK TABLOSU
Başlık Yeni anayasa yuvarlak masa toplantıları dizisi: yeni anayasanın beş
Sorumluluk Tablosu, Vb Türk Sanayicileri ve İşadamları Derneği (TÜSİAD)
260 ## - YAYIN, DAĞITIM, VB
Yayın, Dağıtım, Vb Yeri İstanbul
Yayıncı, Dağıtıcı, Vs Adı TÜSİAD
Yayın, Dağıtım, Vb Tarihi 2011
300 ## - FİZİKSEL TANIM
Kapsam 57 s.
Boyutlar 27 sm.
440 ## - SERİSİ TABLOSU / KATMA GİRİŞİ - BAŞLIK
Başlık TÜSİAD
Hacim / Ardışık Tanımı yayın no : TÜSİAD-T/2011/03/513
650 ## - KONU KATMA GİRİŞ - TOPİKAL DÖNEM
Topikal Süreli Veya Coğrafi Ad Giriş Elemanı Yeni Anayasa
Genel Alt Bölümü Temel ilkeler
Coğrafi Alt Bölümü Türkiye
650 ## - KONU KATMA GİRİŞ - TOPİKAL DÖNEM
Topikal Süreli Veya Coğrafi Ad Giriş Elemanı Anayasa hukuku
Genel Alt Bölümü Türkiye
710 ## - KATMA GİRİŞ - KURUMSAL ADI
Giriş Elemanı Olarak Kurumsal Ad Veya Yargı Alanı Adı Türk Sanayicileri ve İşadamları Derneği
942 ## - EKLENDİ GİRİŞ ELEMANLARI (KOHA)
Sınıflandırma Veya Raf Düzeni Kaynak Dewey Decimal Classification
Koha Öğesi Türü Books
999 ## - SİSTEM KONTROL NUMARALARI (KOHA)
Koha Biblionumber 10538
Koha Biblioitemnumber 10538
Holdings
Kalıcı Konum Mevcut Konum Edinme Tarihi Edinim Kaynak Toplam Check-Out'Lar Tam Çağrı Numarası Barkod Tarih Son Görülme İtibaren Geçerli Fiyatlar Koha Öğesi Türü
CHP Kütüphanesi CHP Kütüphanesi 02/05/2018 Bağış   342.02 Y35 2011 017967 02/05/2018 02/05/2018 Books